[Event "International Tournament"]
[Site "Thivon"]
[Date "2016.09.01"]
[Round "8.6"]
[White "Androutsopoulos-Agiotatos, Vas"]
[Black "Michelakos, Panagiotis"]
[Result "0-1"]
[BlackElo "2242"]
[WhiteElo "1927"]
[LiveChessVersion "1.4.8"]

1. e4 {[%clk 1:28:44]} c5 {[%clk 1:28:09]} 2. Nf3 {[%clk 1:29:10]} Nc6
{[%clk 1:26:11]} 3. Bb5 {[%clk 1:25:21]} g6 {[%clk 1:25:15]} 4. O-O
{[%clk 1:16:50]} Bg7 {[%clk 1:24:09]} 5. d3 {[%clk 1:14:37]} d6 {[%clk 1:17:36]}
6. Bxc6+ {[%clk 1:08:36]} bxc6 {[%clk 1:17:56]} 7. h3 {[%clk 1:00:28]} e5
{[%clk 1:07:04]} 8. a3 {[%clk 0:59:38]} a5 {[%clk 1:06:20]} 9. a4
{[%clk 0:54:40]} Nh6 {[%clk 1:01:46]} 10. Bd2 {[%clk 0:52:43]} f5
{[%clk 1:01:17]} 11. exf5 {[%clk 0:50:09]} Nxf5 {[%clk 0:59:25]} 12. Na3
{[%clk 0:44:44]} O-O {[%clk 0:57:46]} 13. Nc4 {[%clk 0:41:55]} Ne7
{[%clk 0:46:59]} 14. Bc3 {[%clk 0:35:47]} Nd5 {[%clk 0:46:07]} 15. Ne3
{[%clk 0:22:21]} Nxc3 {[%clk 0:31:42]} 16. bxc3 {[%clk 0:22:49]} e4
{[%clk 0:31:25]} 17. dxe4 {[%clk 0:22:35]} Ba6 {[%clk 0:31:48]} 18. c4
{[%clk 0:22:05]} Bxa1 {[%clk 0:32:12]} 19. Qxa1 {[%clk 0:22:33]} Qf6
{[%clk 0:25:45]} 20. e5 {[%clk 0:17:31]} dxe5 {[%clk 0:22:10]} 21. Qxe5
{[%clk 0:15:59]} Bc8 {[%clk 0:18:48]} 22. Qxf6 {[%clk 0:12:04]} Rxf6
{[%clk 0:19:16]} 23. Ne5 {[%clk 0:12:15]} Bf5 {[%clk 0:08:24]} 24. Nxf5
{[%clk 0:02:48]} gxf5 {[%clk 0:03:21]} 25. Rd1 {[%clk 0:02:12]} f4
{[%clk 0:02:19]} 26. Nd7 {[%clk 0:00:39]} Rf5 {[%clk 0:02:41]} 27. Rd6
{[%clk 0:00:56]} Rc8 {[%clk 0:02:49]} 28. Nf6+ {[%clk 0:00:45]} Kg7
{[%clk 0:02:54]} 29. Ne4 {[%clk 0:01:01]} f3 {[%clk 0:00:44]} 30. Rd7+ Kg6
{[%clk 0:00:34]} 31. Nd6 {[%clk 0:01:38]} Rb8 {[%clk 0:00:41]} 32. Nxf5
{[%clk 0:01:34]} Kxf5 {[%clk 0:01:10]} 33. Rxh7 {[%clk 0:01:04]} fxg2
{[%clk 0:01:14]} 34. Kxg2 {[%clk 0:01:21]} Ke4 {[%clk 0:00:56]} 35. Ra7
{[%clk 0:00:37]} Rg8+ {[%clk 0:01:22]} 36. Kf1 {[%clk 0:00:42]} Kd4
{[%clk 0:01:31]} 37. Rxa5 {[%clk 0:00:45]} Kxc4 {[%clk 0:01:52]} 38. Ke2
{[%clk 0:00:37]} Rh8 {[%clk 0:02:15]} 39. Ra6 {[%clk 0:00:46]} Kd5
{[%clk 0:01:48]} 40. Ra7 {[%clk 0:15:59]} Rxh3 {[%clk 0:17:13]} 41. Rd7+
{[%clk 0:14:51]} Kc4 {[%clk 0:16:39]} 42. Rd3 {[%clk 0:12:06]} Rh7
{[%clk 0:17:07]} 43. a5 {[%clk 0:07:14]} Kb5 {[%clk 0:08:38]} 44. Ra3
{[%clk 0:05:57]} Ka6 {[%clk 0:08:27]} 45. Ra2 {[%clk 0:01:56]} Rf7
{[%clk 0:04:01]} 46. f3 {[%clk 0:01:32]} Re7+ {[%clk 0:04:26]} 47. Kf2
{[%clk 0:01:43]} Rf7 {[%clk 0:04:33]} 48. Ke3 {[%clk 0:02:02]} Re7+
{[%clk 0:04:53]} 49. Kf2 {[%clk 0:01:39]} Rf7 {[%clk 0:05:23]} 50. Ra3
{[%clk 0:01:07]} Rd7 {[%clk 0:03:29]} 51. Ke2 {[%clk 0:01:13]} Re7+
{[%clk 0:03:26]} 52. Kf2 {[%clk 0:00:58]} Rd7 {[%clk 0:03:41]} 53. Ke3
{[%clk 0:01:06]} Re7+ {[%clk 0:04:06]} 54. Kf4 {[%clk 0:01:05]} Re2
{[%clk 0:04:32]} 55. Rc3 {[%clk 0:00:40]} Kxa5 {[%clk 0:04:36]} 56. Rxc5+
{[%clk 0:01:09]} Kb6 {[%clk 0:05:00]} 57. Rc3 {[%clk 0:01:05]} c5
{[%clk 0:04:54]} 58. Kf5 {[%clk 0:00:39]} Kb5 {[%clk 0:05:09]} 59. Kf4
{[%clk 0:00:33]} c4 60. Re3 {[%clk 0:00:37]} Rxc2 {[%clk 0:05:41]} 61. Re1
{[%clk 0:00:44]} c3 {[%clk 0:04:43]} 62. Ke3 {[%clk 0:00:39]} Kc4
{[%clk 0:05:03]} 63. Rb1 {[%clk 0:00:39]} Rh2 {[%clk 0:02:12]} 64. Rb8
{[%clk 0:00:34]} c2 {[%clk 0:01:40]} 65. Rc8+ {[%clk 0:00:58]} Kb3
{[%clk 0:02:06]} 66. Rb8+ {[%clk 0:01:17]} Kc3 {[%clk 0:02:06]} 67. Rc8+
{[%clk 0:01:31]} Kb2 {[%clk 0:02:30]} 68. Rb8+ {[%clk 0:01:50]} Kc1
{[%clk 0:02:41]} 69. Rc8 {[%clk 0:00:53]} Kd1 {[%clk 0:01:56]} 70. Rd8+
{[%clk 0:01:02]} Ke1 {[%clk 0:02:18]} 71. Rc8 {[%clk 0:01:27]} Re2+
{[%clk 0:02:01]} 72. Kf4 {[%clk 0:01:18]} Kd1 {[%clk 0:01:58]} 73. Kg5
{[%clk 0:01:21]} c1=Q+ {[%clk 0:00:35]} 74. Rxc1+ {[%clk 0:01:48]} Kxc1
{[%clk 0:01:03]} 75. f4 {[%clk 0:02:13]} Rg2+ {[%clk 0:01:18]} 76. Kh6
{[%clk 0:01:47]} Rf2 {[%clk 0:01:43]} 77. Kg5 {[%clk 0:01:59]} Kd2
{[%clk 0:02:03]} 78. f5 {[%clk 0:02:27]} Ke3 {[%clk 0:02:23]} 79. f6
{[%clk 0:02:54]} Ke4 {[%clk 0:02:44]} 80. Kg6 {[%clk 0:03:23]} Ke5
{[%clk 0:03:08]} 0-1

[Event "International Tournament"]
[Site "Thivon"]
[Date "2016.09.01"]
[Round "8.7"]
[White "Beliotis, Georgios"]
[Black "Papadopoulos, Nikolaos"]
[Result "1/2-1/2"]
[BlackElo "2234"]
[WhiteElo "1922"]
[LiveChessVersion "1.4.8"]

1. e4 {[%clk 1:28:26]} g6 {[%clk 1:29:21]} 2. d4 {[%clk 1:28:24]} Bg7
{[%clk 1:27:15]} 3. Nc3 {[%clk 1:27:15]} d6 {[%clk 1:27:05]} 4. f4
{[%clk 1:25:42]} Nf6 {[%clk 1:25:05]} 5. Nf3 {[%clk 1:21:14]} Na6
{[%clk 1:23:27]} 6. e5 {[%clk 1:09:06]} dxe5 {[%clk 1:15:15]} 7. fxe5
{[%clk 1:02:07]} Nh5 {[%clk 1:05:38]} 8. Bc4 {[%clk 0:57:07]} h6 {[%clk 0:57:39]}
9. O-O {[%clk 0:55:49]} c5 {[%clk 0:50:34]} 10. d5 {[%clk 0:39:04]} O-O
{[%clk 0:45:41]} 11. Be3 {[%clk 0:37:32]} Bg4 {[%clk 0:34:52]} 12. h3
{[%clk 0:30:00]} Bxf3 {[%clk 0:30:47]} 13. Qxf3 {[%clk 0:30:19]} Bxe5
{[%clk 0:31:07]} 14. Bxh6 {[%clk 0:30:40]} Bd4+ {[%clk 0:22:12]} 15. Kh1
{[%clk 0:26:47]} Bg7 {[%clk 0:22:24]} 16. Bg5 {[%clk 0:22:48]} Nf6
{[%clk 0:15:53]} 17. Rae1 {[%clk 0:20:23]} Nc7 {[%clk 0:13:08]} 18. a4
{[%clk 0:17:47]} Nce8 {[%clk 0:11:55]} 19. Ne4 {[%clk 0:12:14]} Nd6
{[%clk 0:11:32]} 20. Nxd6 {[%clk 0:12:25]} Qxd6 {[%clk 0:11:52]} 21. Bf4
{[%clk 0:12:19]} Qd7 {[%clk 0:11:44]} 22. b3 {[%clk 0:11:07]} a6 {[%clk 0:10:45]}
23. a5 {[%clk 0:09:39]} Rad8 {[%clk 0:07:11]} 24. Rd1 {[%clk 0:07:12]} Qf5
{[%clk 0:05:09]} 25. Bc7 {[%clk 0:06:28]} Qxf3 {[%clk 0:04:46]} 26. Rxf3
{[%clk 0:05:10]} Rd7 {[%clk 0:04:55]} 27. Bb6 {[%clk 0:05:29]} Rc8
{[%clk 0:01:31]} 28. Rdf1 {[%clk 0:03:04]} Ne4 {[%clk 0:01:03]} 29. Re1
{[%clk 0:02:01]} Nd6 {[%clk 0:01:01]} 30. g4 {[%clk 0:01:15]} Bf6
{[%clk 0:01:02]} 31. Kg2 {[%clk 0:01:21]} Kg7 {[%clk 0:01:14]} 32. Rfe3
{[%clk 0:00:49]} g5 {[%clk 0:00:40]} 33. Kf3 {[%clk 0:00:54]} Rh8
{[%clk 0:00:40]} 34. Kg2 {[%clk 0:01:09]} Rc8 {[%clk 0:00:53]} 35. Kf3
{[%clk 0:01:27]} Kf8 {[%clk 0:01:14]} 36. Ke2 {[%clk 0:01:12]} Bd4
{[%clk 0:00:45]} 37. Rf3 {[%clk 0:01:24]} Ne4 {[%clk 0:00:38]} 38. Kd3
{[%clk 0:01:21]} Nc3 39. d6 {[%clk 0:00:56]} exd6 {[%clk 0:00:42]} 40. Be6
{[%clk 0:16:05]} Re7 {[%clk 0:15:47]} 41. Bxc8 {[%clk 0:11:26]} Rxe1
{[%clk 0:16:13]} 42. Bxb7 {[%clk 0:10:17]} Kg7 {[%clk 0:09:06]} 43. Kc4
{[%clk 0:09:01]} Re7 {[%clk 0:07:02]} 44. Bd5 {[%clk 0:05:30]} Re5
{[%clk 0:04:08]} 45. Rf5 {[%clk 0:03:16]} f6 {[%clk 0:03:34]} 46. Rxe5
{[%clk 0:01:45]} fxe5 {[%clk 0:04:03]} 47. b4 {[%clk 0:01:27]} cxb4 48. Bxd4 exd4
49. Kxd4 {[%clk 0:00:45]} Nb5+ {[%clk 0:01:37]} 50. Kc4 {[%clk 0:01:06]} Kf6
{[%clk 0:01:27]} 51. Bb7 {[%clk 0:01:20]} Nc7 {[%clk 0:01:50]} 52. Kxb4
{[%clk 0:01:46]} Ke5 {[%clk 0:02:11]} 53. c4 {[%clk 0:01:54]} Kd4 1/2-1/2

[Event "International Tournament"]
[Site "Thivon"]
[Date "2016.09.01"]
[Round "8.8"]
[White "Polichronopoulos, Vasilis"]
[Black "Simeonidis, Ioannis"]
[Result "1/2-1/2"]
[BlackElo "2226"]
[WhiteElo "1829"]
[LiveChessVersion "1.4.8"]

1. Nf3 {[%clk 1:16:47]} g6 {[%clk 1:29:37]} 2. g3 {[%clk 1:16:25]} Bg7
{[%clk 1:29:57]} 3. d4 {[%clk 1:16:26]} c5 {[%clk 1:30:05]} 4. Bg2
{[%clk 0:52:15]} cxd4 {[%clk 1:30:23]} 5. Nxd4 {[%clk 0:50:31]} Nc6
{[%clk 1:30:24]} 6. Nb3 {[%clk 0:45:37]} d6 {[%clk 1:30:35]} 7. Nc3
{[%clk 0:45:15]} Nf6 {[%clk 1:28:32]} 8. e4 {[%clk 0:41:47]} O-O {[%clk 1:28:05]}
9. Bd2 {[%clk 0:38:37]} Bg4 {[%clk 1:26:23]} 10. Qc1 {[%clk 0:29:17]} Ne5
{[%clk 1:26:19]} 11. Nd4 {[%clk 0:23:14]} Nc4 {[%clk 1:21:49]} 12. Be3
{[%clk 0:08:55]} Rc8 {[%clk 1:11:14]} 13. O-O {[%clk 0:08:16]} Nxe3
{[%clk 1:09:57]} 14. Qxe3 {[%clk 0:08:44]} Qb6 {[%clk 1:09:03]} 15. h3
{[%clk 0:06:22]} Bd7 {[%clk 1:03:05]} 16. Nd1 {[%clk 0:02:51]} e5
{[%clk 1:00:30]} 17. Nb3 {[%clk 0:02:44]} Rxc2 {[%clk 1:00:48]} 18. Qxb6
{[%clk 0:03:03]} axb6 {[%clk 1:01:13]} 19. Ne3 {[%clk 0:03:06]} Rxb2
{[%clk 0:58:47]} 20. Nc4 {[%clk 0:02:42]} Rc2 {[%clk 0:58:07]} 21. Nxd6
{[%clk 0:02:42]} Ra8 {[%clk 0:57:37]} 22. Rfc1 {[%clk 0:01:15]} Rcxa2
{[%clk 0:54:05]} 23. Rxa2 {[%clk 0:01:43]} Rxa2 {[%clk 0:54:27]} 24. Nxb7
{[%clk 0:01:53]} Rb2 {[%clk 0:52:17]} 25. Na1 {[%clk 0:01:33]} Bh6
{[%clk 0:51:18]} 26. Rd1 {[%clk 0:00:40]} Bf8 {[%clk 0:49:09]} 27. Nd6
{[%clk 0:01:05]} Bxd6 {[%clk 0:45:59]} 28. Rxd6 {[%clk 0:01:33]} Rb1+
{[%clk 0:46:28]} 29. Kh2 {[%clk 0:01:52]} Rxa1 {[%clk 0:46:51]} 30. Rxf6
{[%clk 0:02:21]} Be6 {[%clk 0:47:11]} 31. Rf3 {[%clk 0:01:06]} b5
{[%clk 0:38:25]} 32. Rd3 {[%clk 0:00:39]} Kf8 {[%clk 0:37:50]} 33. Rd8+
{[%clk 0:00:56]} Ke7 {[%clk 0:38:15]} 34. Rb8 {[%clk 0:01:20]} Bc4
{[%clk 0:38:36]} 35. h4 {[%clk 0:00:43]} Kd6 {[%clk 0:38:45]} 36. Bh3
{[%clk 0:01:04]} h5 {[%clk 0:38:08]} 37. Kg2 {[%clk 0:01:17]} Kc5
{[%clk 0:37:56]} 38. Bd7 {[%clk 0:01:03]} b4 {[%clk 0:38:08]} 39. Kf3
{[%clk 0:00:55]} Ra3+ {[%clk 0:38:14]} 40. Kg2 {[%clk 0:16:17]} b3
{[%clk 0:53:28]} 41. Be8 {[%clk 0:12:34]} Kd4 {[%clk 0:53:28]} 42. Rb4
{[%clk 0:12:43]} Kc3 {[%clk 0:53:29]} 43. Rb7 {[%clk 0:00:42]} b2
{[%clk 0:53:28]} 1/2-1/2

[Event "International Tournament"]
[Site "Thivon"]
[Date "2016.09.01"]
[Round "8.9"]
[White "Nikolaou, Georgios"]
[Black "Pandelidis, Ioannis"]
[Result "1/2-1/2"]
[BlackElo "2098"]
[WhiteElo "2225"]
[LiveChessVersion "1.4.8"]

1. Nf3 {[%clk 1:30:56]} Nf6 {[%clk 1:19:33]} 2. c4 {[%clk 1:31:10]} e6
{[%clk 1:19:46]} 3. g3 {[%clk 1:31:16]} d5 {[%clk 1:14:50]} 4. Bg2
{[%clk 1:31:24]} Be7 {[%clk 1:14:10]} 5. O-O {[%clk 1:31:45]} O-O
{[%clk 1:14:37]} 6. d4 {[%clk 1:31:46]} c6 {[%clk 1:14:37]} 7. Nbd2
{[%clk 1:31:11]} b6 {[%clk 1:11:58]} 8. Qc2 {[%clk 1:31:20]} Bb7 {[%clk 1:09:58]}
9. e4 {[%clk 1:31:40]} dxe4 {[%clk 1:10:09]} 10. Nxe4 {[%clk 1:31:50]} Nbd7
{[%clk 1:09:05]} 11. Rd1 {[%clk 1:30:37]} Nxe4 {[%clk 1:04:54]} 12. Qxe4
{[%clk 1:31:04]} Nf6 {[%clk 1:05:14]} 13. Qc2 {[%clk 1:31:00]} Qc8
{[%clk 1:03:31]} 14. c5 {[%clk 1:26:05]} Nd5 {[%clk 0:54:30]} 15. Bg5
{[%clk 1:22:21]} f6 {[%clk 0:52:45]} 16. Bd2 {[%clk 1:20:14]} bxc5
{[%clk 0:52:56]} 17. Bh3 {[%clk 1:02:45]} c4 {[%clk 0:33:02]} 18. Re1
{[%clk 0:51:55]} f5 {[%clk 0:32:02]} 19. Qxc4 {[%clk 0:51:56]} Re8
{[%clk 0:22:00]} 20. Rac1 {[%clk 0:46:27]} Bf6 {[%clk 0:21:42]} 21. Bg5
{[%clk 0:41:35]} Qd7 {[%clk 0:19:27]} 22. Qc5 {[%clk 0:28:59]} Qe7
{[%clk 0:13:05]} 23. Qxe7 {[%clk 0:25:10]} Rxe7 {[%clk 0:13:16]} 24. Rc5
{[%clk 0:24:35]} h6 {[%clk 0:07:37]} 25. Bxf6 {[%clk 0:17:37]} gxf6
{[%clk 0:08:05]} 26. Nd2 {[%clk 0:14:41]} Rb8 {[%clk 0:03:50]} 27. a3
{[%clk 0:11:41]} Ba8 {[%clk 0:02:37]} 28. b4 {[%clk 0:10:54]} Kf7
{[%clk 0:02:12]} 29. f4 {[%clk 0:07:44]} Rd7 {[%clk 0:02:10]} 30. Bg2
{[%clk 0:06:02]} Ne7 {[%clk 0:02:08]} 31. Nb3 {[%clk 0:05:10]} Rd6
{[%clk 0:00:42]} 32. Kf2 {[%clk 0:03:17]} Rc8 {[%clk 0:00:38]} 33. Bf3
{[%clk 0:03:28]} Rc7 {[%clk 0:00:32]} 34. Bh5+ {[%clk 0:01:47]} Kf8
{[%clk 0:00:51]} 35. Bf3 {[%clk 0:01:29]} Bb7 {[%clk 0:00:49]} 36. b5
{[%clk 0:00:58]} Bc8 {[%clk 0:00:34]} 37. Rec1 {[%clk 0:01:07]} Bd7
{[%clk 0:00:33]} 38. Ke3 {[%clk 0:00:35]} Rb7 {[%clk 0:00:45]} 39. R1c3
{[%clk 0:00:33]} Rb8 {[%clk 0:00:35]} 40. bxc6 {[%clk 0:15:33]} Bxc6
{[%clk 0:15:41]} 41. Bxc6 {[%clk 0:10:30]} Nxc6 {[%clk 0:12:57]} 42. Rxc6
{[%clk 0:05:18]} Rxc6 {[%clk 0:13:16]} 43. Rxc6 {[%clk 0:05:46]} Rxb3+
{[%clk 0:13:37]} 44. Kd2 {[%clk 0:06:09]} Rxa3 {[%clk 0:11:25]} 45. Rxe6
{[%clk 0:06:37]} Kf7 {[%clk 0:11:48]} 46. Rc6 {[%clk 0:06:56]} a5
{[%clk 0:07:25]} 47. d5 {[%clk 0:03:27]} a4 {[%clk 0:06:36]} 48. Rc7+
{[%clk 0:03:20]} Ke8 {[%clk 0:06:35]} 49. Ra7 {[%clk 0:02:49]} h5
{[%clk 0:05:38]} 50. d6 {[%clk 0:02:25]} Kd8 {[%clk 0:05:06]} 51. Ra5
{[%clk 0:01:21]} Kd7 {[%clk 0:04:13]} 52. Rxf5 {[%clk 0:01:43]} Ra2+
{[%clk 0:04:33]} 53. Kc1 {[%clk 0:01:31]} Rxh2 {[%clk 0:04:46]} 54. Rxf6
{[%clk 0:01:36]} a3 {[%clk 0:03:17]} 55. Kb1 {[%clk 0:02:03]} Rb2+
{[%clk 0:03:03]} 56. Ka1 {[%clk 0:02:27]} Rg2 {[%clk 0:03:20]} 57. Rh6
{[%clk 0:02:03]} Rxg3 {[%clk 0:02:37]} 58. Rxh5 {[%clk 0:02:21]} Kxd6
{[%clk 0:02:46]} 1/2-1/2

[Event "International Tournament"]
[Site "Thivon"]
[Date "2016.09.01"]
[Round "8.10"]
[White "Karagiannis, Athanasios"]
[Black "Katopodis, Dimitrios"]
[Result "1/2-1/2"]
[BlackElo "2126"]
[WhiteElo "2230"]
[LiveChessVersion "1.4.8"]

1. e4 {[%clk 1:25:36]} e5 {[%clk 1:30:38]} 2. Nf3 {[%clk 1:26:00]} Nc6
{[%clk 1:30:41]} 3. c3 {[%clk 1:26:22]} d5 {[%clk 1:27:16]} 4. Qa4
{[%clk 1:26:45]} f6 {[%clk 1:25:34]} 5. Bb5 {[%clk 1:26:54]} Nge7
{[%clk 1:24:50]} 6. exd5 {[%clk 1:25:28]} Qxd5 {[%clk 1:24:14]} 7. O-O
{[%clk 1:25:40]} Be6 {[%clk 1:18:21]} 8. d4 {[%clk 1:18:19]} e4 {[%clk 1:07:18]}
9. c4 {[%clk 1:16:47]} Qd6 {[%clk 1:04:15]} 10. Nfd2 {[%clk 1:04:42]} Qxd4
{[%clk 1:01:05]} 11. Nc3 {[%clk 1:02:21]} f5 {[%clk 0:55:46]} 12. Nb3
{[%clk 1:02:16]} Qe5 {[%clk 0:53:45]} 13. Na5 {[%clk 0:59:03]} Kf7
{[%clk 0:52:06]} 14. Nxb7 {[%clk 0:59:00]} Nd4 {[%clk 0:50:48]} 15. Be3
{[%clk 0:57:07]} c5 {[%clk 0:37:39]} 16. Nxc5 {[%clk 0:55:34]} Qxc5
{[%clk 0:35:24]} 17. Rad1 {[%clk 0:55:49]} Rd8 {[%clk 0:33:09]} 18. Rxd4
{[%clk 0:55:40]} Rxd4 {[%clk 0:32:19]} 19. Ne2 {[%clk 0:54:20]} Rxc4
{[%clk 0:25:52]} 20. Be8+ {[%clk 0:52:32]} Kf6 {[%clk 0:24:12]} 21. Bxc5
{[%clk 0:52:21]} Rxa4 {[%clk 0:24:38]} 22. Bxa4 {[%clk 0:52:50]} Nd5
{[%clk 0:22:06]} 23. Bxa7 {[%clk 0:53:01]} Bd6 {[%clk 0:21:21]} 24. Bd4+
{[%clk 0:52:52]} Kf7 {[%clk 0:17:12]} 25. Rd1 {[%clk 0:52:12]} Ra8
{[%clk 0:15:52]} 26. Bb3 {[%clk 0:49:57]} g6 {[%clk 0:14:18]} 27. g3
{[%clk 0:49:39]} Nb4 {[%clk 0:12:53]} 28. Bc3 {[%clk 0:48:31]} Nd3
{[%clk 0:12:05]} 29. Bxe6+ {[%clk 0:45:15]} Kxe6 {[%clk 0:12:29]} 30. a3
{[%clk 0:45:02]} Rb8 {[%clk 0:10:24]} 31. Nd4+ {[%clk 0:39:24]} Kd5
{[%clk 0:10:11]} 32. Nc2 {[%clk 0:38:05]} Kc4 {[%clk 0:09:58]} 33. Ne3+
{[%clk 0:38:13]} Kb3 {[%clk 0:09:56]} 34. Bd4 {[%clk 0:37:33]} Rc8
{[%clk 0:09:18]} 35. Kg2 {[%clk 0:33:28]} Rd8 {[%clk 0:08:13]} 36. Bf6
{[%clk 0:31:18]} Rc8 {[%clk 0:07:52]} 37. h4 {[%clk 0:29:21]} Bc5
{[%clk 0:07:02]} 38. Rd2 {[%clk 0:22:23]} Bxe3 {[%clk 0:04:19]} 39. fxe3
{[%clk 0:22:51]} Rc1 {[%clk 0:04:07]} 40. Bc3 {[%clk 0:37:09]} Ne1+
{[%clk 0:18:24]} 41. Kh3 {[%clk 0:33:32]} Nf3 {[%clk 0:17:22]} 42. Rd7
{[%clk 0:31:59]} Rh1+ {[%clk 0:07:37]} 43. Kg2 {[%clk 0:32:12]} Rh2+
{[%clk 0:07:48]} 44. Kf1 {[%clk 0:32:36]} Rh1+ {[%clk 0:08:02]} 45. Kf2
{[%clk 0:32:37]} Rh2+ {[%clk 0:08:15]} 46. Kf1 {[%clk 0:33:00]} Rh1+
{[%clk 0:07:31]} 1/2-1/2

[Event "International Tournament"]
[Site "Thivon"]
[Date "2016.09.01"]
[Round "8.11"]
[White "Kordis, Konstantinos"]
[Black "Ignatiadis, Konstantinos"]
[Result "1-0"]
[BlackElo "2085"]
[WhiteElo "2218"]
[LiveChessVersion "1.4.8"]

1. e4 {[%clk 1:28:48]} c6 {[%clk 1:30:51]} 2. Ne2 {[%clk 1:28:52]} d5
{[%clk 1:29:26]} 3. e5 {[%clk 1:29:10]} c5 {[%clk 1:29:34]} 4. b4
{[%clk 1:28:06]} cxb4 {[%clk 1:27:24]} 5. d4 {[%clk 1:28:16]} Nc6
{[%clk 1:27:40]} 6. Nf4 {[%clk 1:27:44]} e6 {[%clk 1:26:26]} 7. Be2
{[%clk 1:23:21]} Qb6 {[%clk 1:23:53]} 8. Be3 {[%clk 1:22:02]} Nge7
{[%clk 1:23:28]} 9. g4 {[%clk 1:20:45]} Bd7 {[%clk 1:22:12]} 10. O-O
{[%clk 1:15:59]} Ng6 {[%clk 1:12:58]} 11. Nh5 {[%clk 1:15:53]} Na5
{[%clk 1:11:10]} 12. a3 {[%clk 1:13:23]} b3 {[%clk 1:05:30]} 13. cxb3
{[%clk 1:10:01]} Qxb3 {[%clk 1:01:55]} 14. Qe1 {[%clk 1:10:17]} Nc4
{[%clk 0:58:50]} 15. Nd2 {[%clk 1:08:33]} Qa4 {[%clk 0:56:25]} 16. Rb1
{[%clk 0:57:48]} Bc6 {[%clk 0:55:46]} 17. Nb3 {[%clk 0:51:55]} b6
{[%clk 0:46:33]} 18. Bc1 {[%clk 0:43:31]} Ne7 {[%clk 0:35:42]} 19. Bd1
{[%clk 0:42:35]} Qa6 {[%clk 0:35:22]} 20. a4 {[%clk 0:38:50]} Nc8
{[%clk 0:29:11]} 21. f4 {[%clk 0:37:48]} Bxa4 {[%clk 0:23:02]} 22. Ra1
{[%clk 0:30:42]} Qb5 {[%clk 0:20:39]} 23. Qg3 {[%clk 0:27:40]} Qc6
{[%clk 0:13:55]} 24. f5 {[%clk 0:24:48]} Bxb3 {[%clk 0:12:27]} 25. Bxb3
{[%clk 0:23:43]} b5 {[%clk 0:12:51]} 26. fxe6 {[%clk 0:23:47]} fxe6
{[%clk 0:13:11]} 27. Ra2 {[%clk 0:22:20]} N8b6 {[%clk 0:13:07]} 28. Bg5
{[%clk 0:20:51]} a5 {[%clk 0:12:38]} 29. Raf2 {[%clk 0:20:54]} Ra7
{[%clk 0:12:01]} 30. Bc2 {[%clk 0:20:57]} Bb4 {[%clk 0:10:51]} 31. Bxh7
{[%clk 0:20:17]} Rxh7 {[%clk 0:11:14]} 32. Qd3 {[%clk 0:20:38]} Rxh5
{[%clk 0:09:50]} 33. Qg6+ {[%clk 0:20:49]} Kd7 {[%clk 0:10:11]} 34. Qxg7+
{[%clk 0:21:10]} 1-0

[Event "International Tournament"]
[Site "Thivon"]
[Date "2016.09.01"]
[Round "8.12"]
[White "Gogolis, Alexandros"]
[Black "Krallis, Christos"]
[Result "1-0"]
[BlackElo "1955"]
[WhiteElo "2207"]
[LiveChessVersion "1.4.8"]

1. d4 {[%clk 1:30:51]} Nf6 {[%clk 1:18:15]} 2. Bg5 {[%clk 1:31:06]} Ne4
{[%clk 1:17:14]} 3. Bf4 {[%clk 1:31:20]} d5 {[%clk 1:17:15]} 4. e3
{[%clk 1:31:17]} e6 {[%clk 1:13:55]} 5. Nd2 {[%clk 1:25:38]} Nxd2
{[%clk 1:09:47]} 6. Qxd2 {[%clk 1:25:53]} Nd7 {[%clk 1:08:51]} 7. Bd3
{[%clk 1:24:12]} c5 {[%clk 1:07:29]} 8. c3 {[%clk 1:24:02]} cxd4 {[%clk 1:05:38]}
9. cxd4 {[%clk 1:16:53]} Qb6 {[%clk 1:02:38]} 10. Ne2 {[%clk 1:16:29]} Bd6
{[%clk 1:01:32]} 11. O-O {[%clk 1:15:21]} O-O {[%clk 1:01:49]} 12. Rfc1
{[%clk 1:14:24]} Nf6 {[%clk 0:59:14]} 13. a3 {[%clk 1:08:00]} Bd7
{[%clk 0:56:19]} 14. Bxd6 {[%clk 1:07:55]} Qxd6 {[%clk 0:56:43]} 15. Qb4
{[%clk 1:08:17]} Qxb4 {[%clk 0:54:38]} 16. axb4 {[%clk 1:08:28]} Ne8
{[%clk 0:53:44]} 17. Kf1 {[%clk 0:59:31]} g6 {[%clk 0:45:03]} 18. Ke1
{[%clk 0:53:40]} Kg7 {[%clk 0:40:42]} 19. Ra3 {[%clk 0:51:06]} Nd6
{[%clk 0:39:08]} 20. Nc3 {[%clk 0:50:29]} Rfc8 {[%clk 0:38:03]} 21. Rca1
{[%clk 0:45:11]} Nc4 {[%clk 0:37:57]} 22. Rxa7 {[%clk 0:44:44]} Rxa7
{[%clk 0:38:16]} 23. Rxa7 {[%clk 0:45:00]} Nxb2 {[%clk 0:38:33]} 24. Kd2
{[%clk 0:45:24]} Nxd3 {[%clk 0:36:19]} 25. Kxd3 {[%clk 0:45:37]} Rc7
{[%clk 0:36:28]} 26. f3 {[%clk 0:33:52]} f5 {[%clk 0:32:00]} 27. Ra5
{[%clk 0:33:05]} Rc4 {[%clk 0:27:36]} 28. Rc5 {[%clk 0:28:35]} Rxc5
{[%clk 0:21:20]} 29. dxc5 {[%clk 0:27:11]} Kf6 {[%clk 0:21:11]} 30. Kd4
{[%clk 0:27:15]} g5 {[%clk 0:20:10]} 31. f4 {[%clk 0:26:07]} g4 {[%clk 0:20:10]}
32. g3 {[%clk 0:23:01]} h5 {[%clk 0:16:36]} 33. b5 {[%clk 0:22:47]} Be8
{[%clk 0:16:10]} 34. c6 {[%clk 0:17:45]} 1-0

[Event "International Tournament"]
[Site "Thivon"]
[Date "2016.09.02"]
[Round "9.1"]
[White "Stathopoulos, Ioannis"]
[Black "Nikolaidis, Ioannis"]
[Result "0-1"]
[BlackElo "2558"]
[WhiteElo "2343"]
[LiveChessVersion "1.4.8"]

1. d4 {[%clk 1:30:58]} Nf6 {[%clk 1:30:53]} 2. c4 {[%clk 1:31:25]} e6
{[%clk 1:30:36]} 3. Nf3 {[%clk 1:31:50]} d5 {[%clk 1:30:26]} 4. Nc3
{[%clk 1:32:15]} Be7 {[%clk 1:30:00]} 5. Bf4 {[%clk 1:32:33]} O-O
{[%clk 1:30:13]} 6. e3 {[%clk 1:33:00]} Nbd7 {[%clk 1:29:55]} 7. c5
{[%clk 1:33:23]} Ne4 8. Rc1 {[%clk 1:33:11]} c6 {[%clk 1:22:10]} 9. Bd3
{[%clk 1:30:09]} g5 {[%clk 1:21:11]} 10. Bg3 {[%clk 1:24:50]} f5 {[%clk 1:17:01]}
11. Bxe4 {[%clk 1:24:55]} dxe4 {[%clk 1:08:29]} 12. Ne5 {[%clk 1:25:18]} Nxe5
{[%clk 0:51:38]} 13. Bxe5 {[%clk 1:25:46]} b6 {[%clk 0:51:29]} 14. O-O
{[%clk 1:22:47]} Ba6 {[%clk 0:45:55]} 15. Re1 {[%clk 1:21:10]} bxc5
{[%clk 0:38:44]} 16. dxc5 {[%clk 1:15:49]} Qxd1 {[%clk 0:34:12]} 17. Rexd1
{[%clk 1:10:11]} Rfd8 {[%clk 0:24:53]} 18. Bd4 {[%clk 1:04:11]} Rab8
{[%clk 0:21:40]} 19. b3 {[%clk 1:04:28]} g4 {[%clk 0:21:41]} 20. f3
{[%clk 1:03:29]} Bd3 {[%clk 0:18:15]} 21. Kf2 {[%clk 0:51:43]} Kf7
{[%clk 0:16:11]} 22. fxg4 {[%clk 0:50:27]} fxg4 {[%clk 0:16:36]} 23. Ne2
{[%clk 0:49:06]} Rd5 {[%clk 0:13:55]} 24. Nf4 {[%clk 0:45:15]} Rf5
{[%clk 0:12:47]} 25. Kg1 {[%clk 0:45:39]} Ba6 0-1